Drug abuse : prevention and rehabilitation in Malaysia
| Main Author: | |
|---|---|
| Format: | Book |
| Published: |
Bangi :
Penerbit UKM ,
1987
|
| Subjects: |
MARC
| LEADER | 00000cam a2200000 7i4500 | ||
|---|---|---|---|
| 001 | 0000004640 | ||
| 002 | 000005004 | ||
| 005 | 20000330.0 | ||
| 020 | |a 9679420949 | ||
| 090 | 0 | 0 | |a 362.2909595 |b SCO |
| 100 | 1 | |a Scorzelli, James | |
| 245 | 1 | 0 | |a Drug abuse : |b prevention and rehabilitation in Malaysia |c James Scorzelli |
| 260 | |a Bangi : |b Penerbit UKM , |c 1987 | ||
| 300 | |a 186p. ; |c 20cm. | ||
| 650 | 0 | 0 | |a Drug |
| 650 | 0 | 0 | |a Drug abuse |z Malaysia |
| 999 | |a 034761 |b BUKU |c PINJAMAN |e PERPUSTAKAAN KOMUNITI PETALING JAYA | ||
| 999 | |a 034762 |b BUKU |c PINJAMAN |e PERPUSTAKAAN KOMUNITI PETALING JAYA | ||